000 01213nam a22003857a 4500
001 BR0603963
003 BR-BrBNA
005 20230928102251.0
007 ta
008 230509b bl.||||| |||| 00| 0 por d
040 _aBR-BrBNA
_bpor
_cBiblioteca Nacional de Agricultura
041 _a(Eng, Por)
072 _aL01; L10; F30
090 _ L01 BR0603963
100 1 _aBatista, A.M.V.
100 1 _aBarbosa, S.B.P.
100 1 _aSantos, M.V.F. dos
100 1 _aFerreira, L.M.C.
110 1 _aSociedade Brasileira de Zootecnia, Recife, PE (Brasil)
_99822
111 1 _a39. Reunião Anual da Sociedade Brasileira de Zootecnia
_cRecife, PE (Brazil)
_d29 Jul-01 Aug 2002
245 1 _aAnais de palestras da 39. Reunião Anual da Sociedade Brasileira de Zootecnia
260 3 _aRecife, PE (Brasil):
_c2002.
300 _a565 p.
500 _aSeveral bibliography; 45 illus.; 73 tables
650 _aRUMINANTE
650 _aFORRAGICULTURA
650 _aMELHORAMENTO ANIMAL
650 _aPRODUÇÃO ANIMAL
650 _aZOOTECNIA
650 _aAVICULTURA
650 _aNUTRIÇÃO ANIMAL
650 _aMELHORAMENTO GENÉTICO VEGETAL
909 _a202309
_bLucia
_c55
_dLucia Elande
942 _cBK
999 _c69929
_d69929